| 000 | 00563cam a2200217ua 4500 | ||
|---|---|---|---|
| 020 |
_a81-204-0513-7 _c135.00 |
||
| 041 |
_aeng _h |
||
| 082 |
_a631.3 _bSRI/EL |
||
| 100 | _aSrivastava, A.C . | ||
| 245 |
_aElements of farm machinery / _cA.C.Srivastava. _hTextual Documents |
||
| 250 |
_a1 / _b. |
||
| 260 |
_aNew Delhi : _bOxford & IBH Publishing company , _c1990. |
||
| 300 |
_a337 : _b` ; . |
||
| 365 | _a135.00 | ||
| 504 | _a | ||
| 942 | _cBK | ||
| 999 |
_c1788 _d1788 |
||